Comparative analysis vocabulary of hindi and telugu : (Record no. 41986)

MARC details
000 -LEADER
fixed length control field 00808nam a22002177a 4500
005 - DATE AND TIME OF LATEST TRANSACTION
control field 20100814154642.0
010 ## - LCCN (DPL NO)
LC control number ENG-100535
020 ## - INTERNATIONAL STANDARD BOOK NUMBER
Terms of availability 100.00
035 ## - SYSTEM CONTROL NUMBER
System control number EN-84068
037 ## - SOURCE OF ACQUISITION
Source of stock number/acquisition DBAD/PUB
082 ## - DEWEY DECIMAL CLASSIFICATION NUMBER
Classification number 420
100 ## - MAIN ENTRY--PERSONAL NAME
Personal name Sivakumari, A. V.
245 ## - TITLE STATEMENT
Title Comparative analysis vocabulary of hindi and telugu :
Remainder of title with special reference to the mistakes committed by the students /
Statement of responsibility, etc by A. V. Sivakumari
250 ## - EDITION STATEMENT
Edition statement 2nd ed
260 ## - PUBLICATION, DISTRIBUTION, ETC. (IMPRINT)
Place of publication, distribution, etc Chennai
Name of publisher, distributor, etc Parkar
Date of publication, distribution, etc 2008
270 ## - ADDRESS
Address 293, Ahamed Complex, 2nd Floor Royapettah High Road,
City Chennai
Postal code 600014
300 ## - PHYSICAL DESCRIPTION
Extent iii, 128p.
Dimensions 21cm (pbk)
500 ## - GENERAL NOTE
General note Includes bibliographical references
942 ## - ADDED ENTRY ELEMENTS (KOHA)
Source of classification or shelving scheme Dewey Decimal Classification
Item type English Books
Classification part 420
Call number suffix SIV
Holdings
Withdrawn status Lost status Not for loan Collection code Home library Current library Date acquired Source of acquisition Cost, normal purchase price Full call number Barcode Copy number Cost, replacement price Koha item type
    Not For Loan Non-fiction D.B.Act.Division D.B.Act.Division 14/08/2010 DBAD/PUB 100.00 420 SIV EN-84068 1 100.00 English Books

© Delhi Public Library
Hit Counter
free hit counter